000 03557nam a22002657a 4500
003 NALT
005 20250826152915.0
008 220927b th ||||| |||| 00| 0 tha d
040 _aNALT
086 _aสว 10 3.5 635 2565
110 2 _92442
_aสำนักงานเลขาธิการวุฒิสภา.
_bสำนักกรรมาธิการ 2
245 1 0 _aการปลูกพืชสมุนไพรด้วยการปฏิบัติทางการเกษตรที่ดีในการผลิตพืชสมุนไพร (Good Agricultural Practice: GAP) คณะกรรมาธิการวิสามัญศึกษาแนวทางการพลิกโฉมพืชสมุนไพรไทยด้วยการวิจัยและนวัตกรรม วุฒิสภา เอกสารประกอบ เล่ม 2/11 /
_cสำนักกรรมาธิการ 2 สำนักงานเลขาธิการวุฒิสภา.
260 _aกรุงเทพฯ :
_bสำนักกรรมาธิการ 2 สำนักงานเลขาธิการวุฒิสภา,
_c2565.
300 _a65 หน้า :
_bภาพประกอบ, ตาราง ;
_c29 ซม.
505 0 _aบทนำ -- คำนำ -- สารบัญ -- การปลูกพืชสมุนไพรด้วยการปฏิบัติทางการเกษตรที่ดีในการผลิตพืชสมุนไพร -- แนวทางในการปลูกพืชสมุนไพร -- 1. พืชสมุนไพรกลุ่มฟ้าทะลายโจร พลูคาว -- 1.1 ฟ้าทะลายโจร -- 1.2 พลูคาว -- 2. พืชสมุนไพรกลุ่มกัญชา กัญชง กระท่อม -- 2.1 กัญชา กัญชง -- 2.2 กระท่อม -- 3. พืชสมุนไพรกลุ่มมะนาว ขิง ข่า ขมิ้นชั้น กระชายขาว กระชายดำ ไพล และพืชสมุนไพรอื่นๆ ที่เสริมสรรพคุณในกลุ่มอาหาร อาหารเสริม และยา รวมถึงแปรรูปเป็นเวชสำอาง -- 3.1 มะนาว -- 3.2 ขิง -- 3.3 ข่า -- 3.4 ขมิ้นชัน -- 3.5 กระชายขาว -- 3.6 กระชายดำ -- 3.7 ไพล -- แนวทางการพัฒนาการผลิตพืชสมุนไพร -- บทส่งท้าย -- บรรณานุกรม.
650 0 _aผลิตภัณฑ์สมุนไพร
_910563
650 4 _959163
_aพืชสมุนไพร
_xการแปรรูป
650 0 _aสมุนไพร
_xแง่โภชนาการ
_935310
650 4 _94215
_aสมุนไพร
_xการปลูก
710 2 _959147
_aคณะกรรมาธิการวิสามัญศึกษาแนวทางการพลิกโฉมพืชสมุนไพรไทยด้วยการวิจัยและนวัตกรรม วุฒิสภา
850 _aNALT
942 _cPAR
_2local
996 _avaree.k
_bLIBSTF
_c2025-08-26
999 _c100803
_d100803
998 _j6650
_k นางสาววารี เกตุโฉม